Statystyki dla Test wyboru - polscy piłkarze - mistrzowie kraju. #4

Kliknij tutaj aby rozwiązać quiz!

Ogólne statystyki

  • Ten quiz został rozwiązany 19 razy
  • Średni wynik to 7 z 11

Statystyki odpowiedzi

ZagadnienieOdpowiedź% Poprawnych
Lech Poznań 2010; Legia W-Wa 2013, 2014, 2016, 2017; SC Napoli 2023.Bartosz Bereszyński
100%
Feyenord Rotterdam 1999; Real Madryt 2008.Jerzy Dudek
100%
Widzew Łódź 1981, 1982; Juventus Turyn 1984.Zbigniew Boniek
100%
Legia W-wa 1994, 1995, 2002; Apoel Nikozja 2004.Wojciech Kowalczyk
68%
Legia W-wa 2016; Sheriff Tiraspol 2019.Ariel Borysiuk
63%
Na koniec coś extra: jedyny zawodnik w historii polskiej piłki, który zdobył tytuły mistrzowskie z 4 różnymi polskimi klubami.Maciej Szczęsny
63%
Wisła Kraków 2001, 2003, 2008; Apoel Nikozja 2009.Kamil Kosowski
58%
Lech Poznań 1990, 1992, 1993; ŁKS Łódź1998.Mirosław Trzeciak
58%
Legia W-wa 2002; Szachtar Donieck 2002.Wojciech Kowalewski
58%
Lech Poznań 1983, 1984, 1993; AEK Ateny 1989.Mirosław Okoński
32%
Dwa spośród klubów wspomnianych powyżej to Legia W-wa i Widzew Łódź. A dwa pozostałe kluby to:Wisła Kraków i Polonia W-wa
32%

Rozkład punktacji

Percentyl według liczby udzielonych odpowiedzi

Procent ludzi z każdym wynikiem

Twoja historia wyników

Nie rozwiązałeś tego quizu